000 00322nam a2200133Ia 4500
008 100328s9999 xx 000 0 und d
082 _b34653
100 _aLeslie Alan Horvitz
245 _aDouble Blinded
260 _bThe Poperback Division
630 _aDouble Blinded
730 _aDouble Blinded
942 _cBOOK
999 _c524765
_d524762